Catálogo

COMPETENCIAS ACADEMICAS BASICAS (CAB) COMO MEJORAR MIS CALIFICACIONES (Registro nro. 52436)

Detalles MARC
000 -LEADER
fixed length control field 01088nam a2200205 a 4500
001 - CONTROL NUMBER
control field 52436
005 - DATE AND TIME OF LATEST TRANSACTION
control field 20180714042300.0
008 - FIXED-LENGTH DATA ELEMENTS--GENERAL INFORMATION
fixed length control field 140415s2008 mx 000 0 spa d
020 ## - INTERNATIONAL STANDARD BOOK NUMBER
International Standard Book Number 9789707293441
041 ## - LANGUAGE CODE
Language code of text/sound track or separate title spa
082 ## - DEWEY DECIMAL CLASSIFICATION NUMBER
Classification number 370.15
Item number FUE
100 1# - MAIN ENTRY--PERSONAL NAME
Personal name FUENTES NAVARRO, MARIA TERESA
245 10 - TITLE STATEMENT
Title COMPETENCIAS ACADEMICAS BASICAS (CAB) COMO MEJORAR MIS CALIFICACIONES
250 ## - EDITION STATEMENT
Edition statement 1a ed.
260 ## - PUBLICATION, DISTRIBUTION, ETC.
Place of publication, distribution, etc. MEXICO :
Name of publisher, distributor, etc. MANUAL MODERNO,
Date of publication, distribution, etc. 2008
300 ## - PHYSICAL DESCRIPTION
Extent 386
Dimensions 20.3 x 0.4 x 27.4
490 ## - SERIES STATEMENT
Series statement STEM CELL CULTURE
520 ## - SUMMARY, ETC.
Summary, etc. LA DRA. TERESA FUENTES CONTRIBUYE CON EL PROCESO ENSEÑANZA-APRENDIZAJE MEDINATE SU OBRA COMPLETA DENOMINADA COMPETENCIAS ACADEMICAS BASICAS, LA CUAL ESTA COMPUESTADE CUATRO CUADERNILLOS TITULADOS: MANUAL DE APLICACION, COMO MEJORAR MIS CALIFICACIONES, COMPRENSION DE LECTURA Y MANUAL PARA ELEGIR FUNDAMENTADAMENTE UNA OCUPACION. CADA UNO DE STOS ABORDA DISTINTAS TEMATICAS QUE RESULTAN SER DE GRAN UTILIDAD PARA LOS PSICOLOGOS, ORIENTADORES VOCACIONALES Y EDUCADORES QUE TRABAJAN CON ESTUDI
650 14 - SUBJECT ADDED ENTRY--TOPICAL TERM
Topical term or geographic name entry element HABILIDADES
General subdivision PSICOLOGIA EDUCATIVA
Existencias
Withdrawn status Lost status Source of classification or shelving scheme Damaged status Not for loan Collection code Home library Current library Shelving location Date acquired Source of acquisition Inventory number Total Checkouts Full call number Barcode Date last seen Date last checked out Price effective from Koha item type
Descarte   Dewey Decimal Classification     General Biblioteca Karol Wojtyla Biblioteca Karol Wojtyla Sala general 03/12/2013 Compra 151000000000000000043956   370.15 FUE 77212 19/09/2014 19/09/2014 03/12/2013 Libro
    Dewey Decimal Classification     General Biblioteca Karol Wojtyla Biblioteca Karol Wojtyla Sala general 03/12/2013 Compra 151000000000000000043957   370.15 FUE 77941 05/01/2026 21/10/2016 03/12/2013 Libro